Безопасность автомобиля и защита от травмируемости участников движения (Запись № 10713740)

Подробности
000 -МАРКЕР
контрольное поле 02744nam0a2200385 i 4500
001 - ИДЕНТИФИКАТОР ЗАПИСИ
контрольное поле RU\NLR\BIBL_A\010653233
005 - ИДЕНТИФИКАТОР ВЕРСИИ
контрольное поле 20260405092124.0
010 ## - МЕЖДУНАРОДНЫЙ СТАНДАРТНЫЙ НОМЕР КНИГИ (ISBN)
Номер (ISBN) 9785905675270
Тираж 100
021 ## - НОМЕР ГОСУДАРСТВЕННОЙ РЕГИСТРАЦИИ
Код страны Российская Федерация
Номер 2014-89307
Номер Листа государственной регистраци 5429
035 ## - ДРУГИЕ СИСТЕМНЫЕ НОМЕРА
Идентификатор записи (NILC)RuMoRGB-007836847
035 ## - ДРУГИЕ СИСТЕМНЫЕ НОМЕРА
Идентификатор записи (NLR Aleph) 010653233
100 ## - ДАННЫЕ ОБЩЕЙ ОБРАБОТКИ
Данные общей обработки 20150126d2015 u y0rusy50 ca
101 0# - ЯЗЫК РЕСУРСА
Язык текста, звукозаписи и т.д. русский
102 ## - СТРАНА ПУБЛИКАЦИИ ИЛИ ПРОИЗВОДСТВА
Страна публикации Российская Федерация
105 ## - ПОЛЕ КОДИРОВАННЫХ ДАННЫХ: ТЕКСТОВЫЕ МАТЕРИАЛЫ, МОНОГРАФИЧЕСКИЕ
Кодированные данные о монографическом текстовом документе a|||j||||||y|
200 1# - ЗАГЛАВИЕ И СВЕДЕНИЯ ОБ ОТВЕТСТВЕННОСТИ
Основное заглавие Безопасность автомобиля и защита от травмируемости участников движения
Сведения, относящиеся к заглавию учебное пособие для студентов вузов, обучающихся по направлению подготовки бакалавров "Наземные транспортно-технологические комплексы" и по специальности "Наземные транспортно-технологические средства"
Первые сведения об ответственности И. В. Балабин, В. В. Богданов
Последующие сведения об ответственности М-во образования и науки Российской Федерации, Федеральное гос. бюджетное образовательное учреждение высш. проф. образования "Московский гос. машиностроительный ун-т (МАМИ)" (Ун-т машиностроения), Каф. "Сопротивление материалов"
210 ## - ПУБЛИКАЦИЯ, РАСПРОСТРАНЕНИЕ И ДР.
Место издания, распространения и т.д. Москва
Имя издателя, распространителя и т. д. Университет машиностроения
Дата издания, распространения и т.д. 2015
-- [т. е. 2014]
215 ## - ФИЗИЧЕСКАЯ ХАРАКТЕРИСТИКА
Специфическое обозначение материала и объем 346 с.
Другие сведения о физической характеристике ил., табл., цв. ил.
Размеры 21
300 ## - ОБЩИЕ ПРИМЕЧАНИЯ
Текст примечания Фактическая дата выхода в свет - 2014
320 ## - ПРИМЕЧАНИЯ О НАЛИЧИИ В ДОКУМЕНТЕ БИБЛИОГРАФИИ / УКАЗАТЕЛЯ
Текст примечания Библиогр.: с. 329-332
606 1# - НАИМЕНОВАНИЕ ТЕМЫ КАК ПРЕДМЕТ
Наименование темы Пешеходы
Формальный подзаголовок Учебные издания для высших учебных заведений
Тематический подзаголовок Безопасность движения
Системный номер авторитетной/нормативной записи 1903439
Идентификатор авторитетной/нормативной записи RU\NLR\AUTH\66866750
606 1# - НАИМЕНОВАНИЕ ТЕМЫ КАК ПРЕДМЕТ
Наименование темы Автомобильный транспорт
Формальный подзаголовок Учебные издания для высших учебных заведений
Тематический подзаголовок Безопасность движения
Системный номер авторитетной/нормативной записи 898589
Идентификатор авторитетной/нормативной записи RU\NLR\AUTH\666127
610 0# - НЕКОНТРОЛИРУЕМЫЕ ПРЕДМЕТНЫЕ ТЕРМИНЫ
Предметный термин ударозащитные устройства автомобиля
610 0# - НЕКОНТРОЛИРУЕМЫЕ ПРЕДМЕТНЫЕ ТЕРМИНЫ
Предметный термин защита пешеходов
610 0# - НЕКОНТРОЛИРУЕМЫЕ ПРЕДМЕТНЫЕ ТЕРМИНЫ
Предметный термин безопасность пешеходного движения
686 1# - ИНДЕКСЫ ДРУГИХ КЛАССИФИКАЦИЙ
Индекс О808.020.3я73-1
686 1# - ИНДЕКСЫ ДРУГИХ КЛАССИФИКАЦИЙ
Индекс О33-082.03я73-1
700 #1 - ИМЯ ЛИЦА - ПЕРВИЧНАЯ ОТВЕТСТВЕННОСТЬ
Начальный элемент ввода Балабин
Часть имени, кроме начального элемента ввода И. В.
Расширение инициалов личного имени Игорь Венедиктович
701 #1 - ИМЯ ЛИЦА - АЛЬТЕРНАТИВНАЯ ОТВЕТСТВЕННОСТЬ
Материалы, к которым относится поле rus
Графика поля Кириллица
Начальный элемент ввода Богданов
Часть имени, кроме начального элемента ввода В. В.
Дополнения к именам, кроме дат канд. техн. наук
Расширение инициалов личного имени Владимир Викторович
Идентификатор авторитетной/нормативной записи RU\NLR\AUTH\7733323
Системный номер авторитетной/нормативной записи 16331
801 #0 - ИСТОЧНИК ЗАПИСИ
Страна Российская Федерация
Организация РГБ
Дата составления 20141210
Правила каталогизации RCR
942 ## - ДОПОЛНИТЕЛЬНЫЕ ЭЛЕМЕНТЫ ЗАПИСИ (АБИС)
Тип экземпляра АБИС Книга
980 ## - КОЛЛЕКЦИЯ
Название коллекции НБР

Нет доступных экземпляров.